Dia de São Patrício - Statistics

Estatísticas Gerais
  • Esse quiz foi jogado 29 vezes
  • A pontuação média é 7 de 15
Estatísticas das Respostas
Hint Resposta % Correto
De que país é este feriado? Irlanda
100%
De que cor se vestem as pessoas nesse dia? Verde
100%
Qual é o símbolo desse feriado? Trevo
80%
Qual é a bebida mais consumida nesse dia? Cerveja
70%
O que significa o trevo? Sorte
65%
Em que dia se celebra? 17 de Março
50%
O que significa a cor verde? Esperança
45%
Quem disse em a sonhos a São Patrício para fugir? Deus
40%
Na crença popular da Irlanda diz-se que São Patrício foi responsável por acabar com que animal? Cobra
35%
Quem raptou São Patrício e o levou para a Irlanda? Piratas
30%
Qual o significado do trevo? Santíssima Trindade
30%
Que tipo de de feriado é? Cristão
15%
Qual é o prato típico desse dia? Corned Beef Boiled
0%
Onde foi enterrado São Patrício? Downpatrick
0%
O que significa a cruz Celta? Transição da religião
0%
Nenhum quiz correspondente encontrado
Distribuição das Pontuações
Porcentagem de Pessoas com Cada Pontuação
Percentil de Números Respondidos
Sua Pontuação Histórica
Você não jogou esse quiz